000 00612nam a2200229Ia 4500
003 OSt
005 20220918203750.0
006 a|||||r|||| 00| 0
007 ta
008 220917b |||||||| |||| 00| 0 eng d
024 _a109,768
037 _cTextual
040 _aARTS
_cARTS
_beng
041 _2eng
_aeng
082 _aV467:1:N3, J7
100 _aZaki Saleh
_9109734
245 0 _aMesopotamia (Iraq) 1600-1914
_b A study in British foreign affairs
260 _aNA
_bNA
_c1957
650 _aHISTORY
942 _hV467:1:N3, J7
_cTEXL
_2CC
999 _c233118
_d233118